| 000 | 00701nam a22002297a 4500 | ||
|---|---|---|---|
| 005 | 20170124110226.0 | ||
| 010 | _aA-843633 | ||
| 020 | _c00.00 | ||
| 035 | _aA-843633 | ||
| 037 | _bCen Lib/Ret | ||
| 040 |
_aDPL _bEN |
||
| 082 |
_a809.04 _bOXF |
||
| 245 |
_aThe oxford guide to contemporary writing / _cedited by John Sturrock |
||
| 260 |
_bOxford University Press _aOxford _c1996 |
||
| 270 |
_bOxford _aWalton Street |
||
| 300 |
_ax,492p. _c24cm(Hb) |
||
| 500 | _aIncludes index | ||
| 650 |
_aLiterature, Modern -- 20th century -- History and criticism _940807 |
||
| 650 |
_aLiterature, Modern _923809 |
||
| 700 |
_aSturrock, John _940808 |
||
| 942 |
_2ddc _cEN _h809.04 _mOXF |
||
| 999 |
_c134467 _d134467 |
||